Geboren in Gladbeck - Statistiken

Allgemein
  • Dieses Quiz wurde 19 mal gespielt
  • Das Durchschnittsergebnis liegt bei 2 aus 5
Antwortstatistiken
Hinweis Antwort % Korrekt
Fußballnationalspieler, Benfica Lissabon (Paris, Schalke und Wolfsburg) 1993 Julian Draxler
88%
Sportjournalist, vor allem bekannt als Kommentator der Formel 1 Rennen bei RTL 1957 Heiko Waßer
50%
Fußballspieler (Hamburger SV und Hertha BSC) 1991 Pierre-Michel Lasogga
50%
Erfolgreichste deutsche Golferin 1989 Caroline Masson
19%
Schauspieler, "Kleine Haie" "Der gute Bulle" "Der Rüber Hotzenplotz" 1955 Armin Rohde
13%
Keine übereinstimmenden Quizze gefunden
Verteilung der Resultate
Anzahl Personen mit jedem Resultat
Perzentil nach korrekt beantworteten Fragen
Ihre Resultats-Entwicklung
Sie haben dieses Quiz noch nicht gespielt